000 02659nam a2200553 i 4500
001 5207634
003 CZ PrSKC
005 20260421135752.0
007 ta
008 260219s2026 xr a e 6 000 1acze
015 _acnb003736979
020 _a978-80-275-2789-2
_q(brožováno)
040 _aABG001
_bcze
_erda
041 1 _acze
_hfre
043 _ae-be---
072 7 _a741.52
_xKomiksy. Komiksové adaptace
_2Konspekt
_921
072 7 _a929
_xBiografie
_2Konspekt
_98
080 _a741.52(0:82-322.6)
_2MRF
080 _a741.52.071.1-055.2
_2MRF
080 _a618.17
_2MRF
080 _a(493)
_2MRF
080 _a(092)741.52
_2MRF
100 1 _aGarin, Alix,
_d1997-
_7xx0341787
_4aut
_920678
240 1 0 _aImpénétrable.
_lČesky
245 1 0 _aNeproniknutelná /
_cAlix Garin ; přeložila Sára Vybíralová
250 _aPrvní vydání
264 1 _aBrno :
_bHost,
_c2026
300 _a300 stran :
_bbarevné ilustrace ;
_c27 cm
336 _atext
_btxt
_2rdacontent
336 _astatický obraz
_bsti
_2rdacontent
337 _abez média
_bn
_2rdamedia
338 _asvazek
_bnc
_2rdacarrier
500 _aPřeloženo z francouzštiny
520 2 _aIntimní a upřímná komiksová zpověď o vlastních sexuálních problémech.
_bAlix začne při sexu s dlouholetým přítelem pociťovat nevysvětlitelnou bolest. Když zjistí, že trpí vaginismem, začíná maraton vyšetření i terapeutických sezení. Alix ztrácí chuť k fyzickému kontaktu a popisuje, co to pro mladou ženu znamená, jak souvisí tělesné s duševním a naopak... Její přítel Lucas trpí výčitkami, ale zároveň v některých momentech překračuje hranice toho, co si k Alix může dovolit. A oba hledají cestu k udržení partnerského vztahu. Boj o znovuzískání kontroly nad svým tělem a vlastní touhou se mění v hledání cesty k uzdravení, emancipaci a lásce. Nakladatelská anotace. Kráceno.
521 8 _aPro čtenáře od 15 let
600 1 7 _aGarin, Alix,
_d1997-
_7xx0341787
_2czenas
_920679
650 0 7 _akomiksové tvůrkyně
_7ph1081295
_zBelgie
_y21. století
_2czenas
_920680
650 0 7 _asexuální dysfunkce u žen
_7ph125505
_2czenas
_920681
650 9 _awomen comics creators
_zBelgium
_y21st century
_2eczenas
_920682
650 9 _afemale sexual dysfunction
_2eczenas
_920683
655 7 _aautobiografické komiksy
_7fd1058616
_2czenas
_914369
655 9 _aautobiographical comics
_2eczenas
_914763
700 1 _aVybíralová, Sára,
_d1986-
_7jo2011555944
_4trl
_98406
900 _aABG001
_b19
998 _a010760929
910 _aABG508
044 _axr
993 _a391.00
_h599.00
_iTeam Business
_d2026-04-21
_x1076096
999 _c34199
_d34199